000 00495nam a2200181Ia 4500
003 OSt
005 20260120115010.0
008 210210b1936 xxu||||| |||| 00| 0 eng d
040 _cAL
041 _aKannada
082 _a858/185
100 _aVENKATARAMAYYA (C K)
_9147096
_dವೆಂಕಟರಾಮಯ್ಯ (ಸಿಕೆ).
245 _aHarshavardhana:
_bಹರ್ಷವರ್ಧನ
260 _aBengaluru
_b-
_c1936
690 _aBiography
_9147097
906 _a020728
942 _2ddc
_cBK
999 _c144882
_d144882